000 01787cam a22002775a 4500
001 19169876
003 EG-ScBUE
005 20221213101018.0
008 160701q2015 no a f 000 0 eng d
020 _a9788280130976 (pbk.)
035 _a(GyWOH)har165006066
040 _aDLC
_beng
_erda
_cDLC
_dEG-ScBUE
043 _ae-no---
082 0 4 _a727.70979461
_bBER
_222
100 1 _aBergerud, Petter,
_eauthor.
245 1 0 _aExperimental wooden structures :
_bnothing, or, the greatness of the small /
_cPetter Bergerud.
264 1 _aBergen :
_bKunst- Och Designhøgskolen,
_c[2015]
300 _a347 pages :
_bcolor illustrations ;
_c24 cm
520 _aDuring the last decade, architect Petter Bergerud has carried out experimental and artistic workshops together with colleagues, craftsmen and a vast number of students. This book presents the structural and geometric challenges, the work processes and the final artistic results from a total of nine workshops. It opens with an introduction, Renewing Tradition, describing the material wood, its material properties and its use in a historical context. This is followed by a philosophical commentary on the meaning and value of Nothing. The last chapter is a postscript entitled Beauty Matters and Learning by Doing. Bergerud's projects are built on his philosophical, intuitive and artistic way of thinking. The synthesis of the artistic will and energy and the understanding of structural mechanics and craftsmanship have together created some impressive large-scale projects in the city of Bergen, which are beautifully described in this book.
650 7 _aArt and design.
_2BUEsh
650 7 _aBuilding
_xResearch.
_2BUEsh
651 _2BUEsh
653 _bENGARC
_cApril2019
655 _vReading book
942 _2ddc
_cBB
999 _c27410
_d27381